| 000 | 01464 a2200241 4500 | ||
|---|---|---|---|
| 003 | Nust | ||
| 005 | 20220803113711.0 | ||
| 010 | _a 2004021739 | ||
| 020 | _a047168449X (cloth) | ||
| 040 | _cNust | ||
| 082 | 0 | 0 | _a621.31042,CHI |
| 100 | 1 |
_aChiasson, John Nelson. _995694 |
|
| 245 | 1 | 0 |
_aModeling and High Performance Control of Electric Machines / _cJohn Chiasson. |
| 260 |
_aHoboken, NJ : _bJohn Wiley, _c2005. |
||
| 300 |
_axx, 709 p. : _bill. ; _c25 cm. |
||
| 440 | 0 |
_aIEEE Press series on power engineering _996394 |
|
| 505 | _aDC Machines, Controls, and Magnetic (Page-1), The Physics of The DC Motor (Page-3), Feedback Control (Page-71), Magnetic Fields and Materials (Page-177), Symmetric Balanced Three-Phase AC Machines (Page-413), Induction Motor Control (Page-493), PM Synchronous Motor Control (Page-591), AC Machine Theory (Page-235), Rotating Magnetic Fields (Page-245), The Physics of AC Machines(Page-293), Mathematical Models of AC Machines (Page-363), Trapezoidal Back-Emf PM Synchronous Motors (BLDC) (Page-651), Trigonometric Table and Identities (Page-687). | ||
| 650 | 0 | _aTelecommunication Engineering | |
| 856 | 4 | 1 |
_3Contributor biographical information _uhttp://www.loc.gov/catdir/enhancements/fy0616/2004021739-b.html |
| 856 | 4 | 1 |
_3Publisher description _uhttp://www.loc.gov/catdir/enhancements/fy0616/2004021739-d.html |
| 856 | 4 | 1 |
_3Table of contents only _uhttp://www.loc.gov/catdir/toc/ecip051/2004021739.html |
| 942 |
_cREF _2ddc |
||
| 999 |
_c176949 _d176949 |
||